| 000 | 00566nam a22001937a 4500 | ||
|---|---|---|---|
| 005 | 20241204141649.0 | ||
| 010 | _aENG-142539 | ||
| 020 |
_c395.00 _a9788192190615 |
||
| 035 | _aEN-126071 | ||
| 037 | _bDBAD/PUB | ||
| 082 |
_a371.2 _21 |
||
| 100 |
_aprice, Nancy _974684 |
||
| 245 |
_aComprehensive Dictionary Of Education/ _cBy Nancy Price |
||
| 250 | _aFirst | ||
| 260 |
_aChandigarh _bK.C Publishers |
||
| 270 |
_bChandigarh _aS.C.O. 57-59, Sector-17C Basement, Chandigarh |
||
| 300 |
_a200p. _c23cm(Hbk) |
||
| 942 |
_2ddc _cEN _h371.2 _mNAN |
||
| 999 |
_c207402 _d207402 |
||